| 000 | 00563nam a2200121Ia 4500 | ||
|---|---|---|---|
| 008 | 220615s9999||||xx |||||||||||||| ||und|| | ||
| 100 | _aA.J.M. van Wijk | ||
| 245 | 0 | _aWelcome to the Green Village | |
| 546 | _aEnglish[eng] | ||
| 650 | _aGreen Economy||Car Park Power Plant||The Green Village||Society’s Urgent Challenges||The Energy Wall||Engines||Future Labs||AC DC||The Harp||Energy||Sustainable Environment||Car as Power Plant||GreenTech Store||Circular Economy||LED Revolution | ||
| 856 | _uhttp://ebooks.iospress.nl/isbn/978-1-61499-284-4 | ||
| 942 | _cEB | ||
| 999 |
_c8165 _d8165 |
||